01605nam a22003977a 4500003000500000005001700005008004100022010001000063011001000073035001000083040000900093090001000102100003600112245017100148260004000319300001000359500001100369502008300380590003700463590004100500590004100541590004100582590004100623590004200664650003700706650003100743650002800774650003100802901000700833942000900840949004200849949004700891999001700938952012500955952012701080CHAP20220329141524.0971013s1987 r 00010 d a69520 a70492 a79973 cCHAP aTesis00aRosado Martínez, Juan.999880 aEfectos de la aplicación de ethrel y KNO3 a diferentes concentraciones sobre la floración en mango (Mangífera indica L.) cv. Manila, en la zona de Actopan, Ver. aChapingo, Méx. :bEl autor,c1987 a69 h. a34-175 aTesis (Ing. Agrónomo esp. en Fitotecnia) -- UACH. Departamento de Fitotecnia aALEPHb10c20130110lUCH01h1408 aBATCH-UPDb10c20130110lUCH01h0550 aBATCH-UPDb10c20130110lUCH01h2257 aBATCH-UPDb10c20130410lUCH01h0231 aBATCH-UPDb10c20130914lUCH01h1743 aCONVERSIONb10c20130109lUCH01h133814aAcido cloroetilfosfonico 2.957814aMangoxFloración.97041914aMangozVeracruz.97046314aNitrato de potasio.981391 aBK cFOLL bBCcTESd-32864eTS1h22330i79973si bBCcTESd-97332eTS2fc.2h22331i79973si c69520d69520 00102local4053708TESISaBCbBCcPA_TESISd2019-12-31fTESISl0p-97332r2019-12-31 00:00:00tc.2w2019-12-31yTESIS 00102local4051708TESISaBCbBCcPA_TESISd2019-12-31fTESISl0oTesisp-32864r2019-12-31 00:00:00w2019-12-31yTESIS